|
|
|
|
| LEADER |
03904nam a2200433 a 4500 |
| 001 |
0020207 |
| 003 |
BD-DhAAL |
| 008 |
100516s2008 inua 001 0 eng d |
| 010 |
|
|
|a 2008011633
|
| 020 |
|
|
|a 9781587132070 (hardcover w/cd)
|
| 020 |
|
|
|a 1587132079 (hardcover w/cd)
|
| 040 |
|
|
|a DLC
|c DLC
|d BAKER
|d C#P
|d YDXCP
|d DLC
|d BD-DhAAL
|
| 082 |
0 |
0 |
|a 004.68
|2 22
|
| 100 |
1 |
|
|a Lewis, Wayne,
|c Ph.D.
|9 58779
|
| 245 |
1 |
0 |
|a LAN switching and wireless :
|b CCNA exploration companion guide /
|c Wayne Lewis.
|
| 260 |
|
|
|a Indianapolis, Ind. :
|b Cisco Press,
|c c2008.
|
| 300 |
|
|
|a xxvi, 497 p. :
|b ill. (some col.) ;
|c 25 cm +
|e 1 CD-ROM (4 3/4 in.).
|
| 490 |
1 |
|
|a Cisco Networking Academy series.
|
| 500 |
|
|
|a Includes index.
|
| 526 |
|
|
|a EEE
|x Md Sayeed Salam
Department of Electrical and Electronic Engineering
BRAC University
Course Name : LAN Switching and WAN Technologies (EEE 453)
|
| 541 |
1 |
|
|e 00020207
|a Trim Education
|
| 650 |
|
0 |
|a Telecommunication
|x Switching systems
|x Examinations
|v Study guides.
|9 58780
|
| 650 |
|
0 |
|a Wireless LANs
|x Examinations
|v Study guides.
|9 58781
|
| 650 |
|
0 |
|a Telecommunications engineers
|x Certification
|x Examinations
|v Study guides.
|9 58782
|
| 710 |
2 |
|
|a Cisco Networking Academy Program.
|9 58783
|
| 710 |
2 |
|
|a Cisco Systems, Inc.
|
| 830 |
|
0 |
|a Cisco Networking Academy Program series
|
| 852 |
4 |
|
|a Ayesha Abed Library
|c General Stacks
|
| 942 |
0 |
0 |
|0 1
|2 ddc
|c BK
|
| 999 |
|
|
|c 8555
|d 8555
|
| 952 |
|
|
|0 0
|1 0
|2 ddc
|4 0
|6 004_680000000000000_LEW_2008
|7 0
|9 10159
|a BRACUL
|b BRACUL
|c GEN
|d 2010-05-16
|e Trim Education
|l 10
|m 59
|o 004.68 LEW
|p 3010020207
|r 2025-02-13
|s 2024-12-04
|t 1
|w 2010-05-16
|y BK
|x Requisitioned by Md Sayeed Salam (Department of Electrical and Electronic Engineering) BRAC University for the course named - "LAN Switching and WAN Technologies (EEE 453)".
|
| 952 |
|
|
|0 0
|1 0
|2 ddc
|4 0
|6 004_680000000000000_LEW_2008
|7 0
|9 10160
|a BRACUL
|b BRACUL
|c GEN
|d 2010-05-16
|e Trim Education
|l 5
|m 1
|o 004.68 LEW
|p 3010020208
|r 2019-07-22
|s 2019-07-08
|t 2
|w 2010-05-16
|y BK
|x Requisitioned by Md Sayeed Salam (Department of Electrical and Electronic Engineering) BRAC University for the course named - "LAN Switching and WAN Technologies (EEE 453)".
|
| 952 |
|
|
|0 0
|1 4
|2 ddc
|4 0
|6 004_680000000000000_LEW
|7 0
|9 10161
|a BRACUL
|b BRACUL
|d 2010-05-16
|e Trim Education
|l 0
|o 004.68 LEW
|p 3010020209
|r 2010-05-16
|t 3
|w 2010-05-16
|y BK
|x Koha Inventory 2020 ; Requisitioned by Md Sayeed Salam (Department of Electrical and Electronic Engineering) BRAC University for the course named - "LAN Switching and WAN Technologies (EEE 453)".
|
| 952 |
|
|
|0 0
|1 0
|2 ddc
|4 0
|6 004_680000000000000_LEW_2008
|7 0
|9 10162
|a BRACUL
|b BRACUL
|c GEN
|d 2010-05-16
|e Trim Education
|l 4
|m 63
|o 004.68 LEW
|p 3010020210
|q 2025-12-28
|r 2025-04-09
|s 2025-04-09
|t 4
|w 2010-05-16
|y BK
|x Requisitioned by Md Sayeed Salam (Department of Electrical and Electronic Engineering) BRAC University for the course named - "LAN Switching and WAN Technologies (EEE 453)".
|
| 952 |
|
|
|0 0
|1 0
|2 ddc
|4 0
|6 004_680000000000000_LEW_2008
|7 0
|9 10163
|a BRACUL
|b BRACUL
|c GEN
|d 2010-05-16
|e Trim Education
|l 3
|m 17
|o 004.68 LEW
|p 3010020211
|r 2016-11-01
|s 2016-09-24
|t 5
|w 2010-05-16
|y BK
|x Requisitioned by Md Sayeed Salam (Department of Electrical and Electronic Engineering) BRAC University for the course named - "LAN Switching and WAN Technologies (EEE 453)".
|
| 952 |
|
|
|0 0
|1 0
|2 ddc
|4 0
|6 004_680000000000000_LEW_2008
|7 0
|9 18352
|a BRACUL
|b BRACUL
|c AV
|d 2010-05-16
|l 1
|o 004.68 LEW
|p 4010020207
|r 2018-02-28
|s 2018-02-26
|t 1
|w 2011-10-09
|y AV
|
| 952 |
|
|
|0 0
|1 0
|2 ddc
|4 0
|6 004_680000000000000_LEW_2008
|7 0
|9 18353
|a BRACUL
|b BRACUL
|c AV
|d 2010-05-16
|l 0
|o 004.68 LEW
|p 4010020208
|r 2011-10-09
|t 2
|w 2011-10-09
|y AV
|
| 952 |
|
|
|0 0
|1 0
|2 ddc
|4 0
|6 004_680000000000000_LEW_2008
|7 0
|9 18354
|a BRACUL
|b BRACUL
|c AV
|d 2010-05-16
|l 1
|o 004.68 LEW
|p 4010020210
|r 2016-09-27
|s 2016-09-24
|t 4
|w 2011-10-09
|y AV
|
| 952 |
|
|
|0 0
|1 0
|2 ddc
|4 0
|6 004_680000000000000_LEW_2008
|7 0
|9 18355
|a BRACUL
|b BRACUL
|c AV
|d 2010-05-16
|l 0
|o 004.68 LEW
|p 4010020211
|r 2011-10-09
|t 5
|w 2011-10-09
|y AV
|